000 00304nam a22001337a 4500
040 _cFIZZA ISHAQ
082 _a526.9
_bAMC
100 _aCHANDRA, AM.
_986299
245 _aHIGHER SURVEYING /
_cAM CHANDRA.
250 _a3rd ED.
260 _aNEW DEHLI :
_c2015.
300 _a408 P. ;
942 _2ddc
_cBK
999 _c587285
_d587285